Catalog

Record Details

Catalog Search



Border Lines : The Partition of Judaeo-Christianity  Cover Image E-book E-book

Border Lines : The Partition of Judaeo-Christianity / Daniel Boyarin.

Boyarin, Daniel (Author). ebrary, Inc. (Added Author).

Record details

  • Physical Description: 374 s.
  • Publisher: Philadelphia, Pa. : University of Pennsylvania Press, 2004

Content descriptions

Bibliography, etc. Note:
Obsahuje bibliografické odkazy a rejstřík
Formatted Contents Note:
pt. 1. Making a difference : the heresiological beginnings of Christianity and Judaism -- pt. 2. The crucifixion of the Logos : how Logos theology became Christian -- pt. 3. Sparks of the Logos : historicizing rabbinic religion.
Subject: křesťanství
Genre: elektronické knihy

Available copies

  • 1 of 1 copy available at Common Catalog SPOK.

Holds

  • 0 current holds with 1 total copy.
Show Only Available Copies
Location Call Number / Copy Notes Barcode Shelving Location Status Due Date
ETS Library 296.39609015 424470013987 Volný výběr Available -

Electronic resources


LDR 01714nam a2200409 a 4500
00138172
003CZ-PrJAB
00520151211150046.0
006m u
007cr cn
008030930s2004 xxu esb 001 0 cze d
020 . ‡z978-0-8122-1986-9
020 . ‡z0-8122-1986-4 ‡q(pbk :alk.paper
035 . ‡a(CONS)11329
035 . ‡a(CZ PrSKC)ebr10491909
035 . ‡a(OCoLC)759158186
040 . ‡aCaPaEBR ‡bcze ‡dABA001
072 7. ‡a26 ‡xJudaismus ‡2Konspekt ‡95
082 . ‡a296.39609015
1001 . ‡aBoyarin, Daniel
24510. ‡aBorder Lines : ‡bThe Partition of Judaeo-Christianity / ‡cDaniel Boyarin.
2463 . ‡aBorderlines
260 . ‡aPhiladelphia, Pa. : ‡bUniversity of Pennsylvania Press, ‡c2004
300 . ‡a374 s.
4901 . ‡aDivinations : rereading late ancient religion
504 . ‡aObsahuje bibliografické odkazy a rejstřík
5050 . ‡apt. 1. Making a difference : the heresiological beginnings of Christianity and Judaism -- pt. 2. The crucifixion of the Logos : how Logos theology became Christian -- pt. 3. Sparks of the Logos : historicizing rabbinic religion.
65007. ‡akřesťanství ‡7ph115073 ‡2czenas
655 7. ‡aelektronické knihy ‡7fd186907 ‡2czenas
7102 . ‡aebrary, Inc. ‡7kn20081114008
830 0. ‡aDivinations.
8524 . ‡bETS ‡bETS ‡cVolný výběr ‡j296.39609015 ‡p424470013987 ‡y$613.00
85640. ‡uhttp://site.ebrary.com/lib/natl/Doc?id=10491909 ‡yPlný text - pro registrované uživatele NK ČR ‡4N
85642. ‡uhttp://www.nkp.cz/katalogy-a-databaze/licencovane-databaze/prehled-licencovanych-zdroju/ebrary-vypujcky ‡yInformace o výpůjčkách e-knih ‡4N
910 . ‡aABG450
999 . ‡a11329 ‡c11329 ‡tbiblio
905 . ‡uadmin
901 . ‡a38172 ‡b ‡c38172 ‡tbiblio ‡sets

Additional Resources